|
|
|
|
| LEADER |
00000nab a2200000 a 4500 |
| 001 |
vtls000687408 |
| 003 |
SK-MaSNL |
| 005 |
20260304094829.0 |
| 008 |
250425c1998 xo 0 slo |
| 015 |
|
|
|a SNBRB1999/03-06503
|
| 035 |
|
|
|a CLN000039575
|
| 035 |
|
|
|a urn:nbn:sk:snk-abbshz
|
| 035 |
|
|
|a (urnnbn)urn:nbn:sk:snk:ar-0000hs
|
| 035 |
|
|
|a (uuid)b3c9bdca-c291-461c-a4e5-b5848a2a9366
|
| 040 |
|
|
|a SNKBUCL
|b slo
|c SNKBUCL
|e AACR2
|
| 041 |
0 |
|
|a slo
|
| 044 |
|
|
|a xo
|c SK
|
| 080 |
|
|
|a 886.3-4
|2 1997
|
| 100 |
1 |
|
|a Grafenauer, Niko,
|d 1940-
|4 aut
|9 186851
|
| 245 |
1 |
0 |
|a Poetika labyrintu
|c Niko Grafenauer ; preložil Karol Chmel
|
| 504 |
|
|
|a Biogr. údaje
|
| 650 |
0 |
7 |
|a slovinské eseje
|2 SNKPH
|9 124404
|
| 655 |
|
7 |
|a články z novín a časopisov
|2 snkbucl
|9 267496
|
| 773 |
0 |
|
|t Romboid
|g Roč. 33, č. 9 (1998), s. 92-94
|x 0231-6714
|
| 850 |
|
|
|a Slovenská národná knižnica
|
| 852 |
|
|
|a Slovenská národná knižnica
|
| 958 |
|
|
|a article15
|
| 958 |
|
|
|a LX
|
| 958 |
|
|
|a SI
|
| 958 |
|
|
|a OND
|
| 958 |
|
|
|a EUIPO
|
| 992 |
|
|
|a RBX
|
| 999 |
|
|
|c 2829190
|d 2831120
|